[Event "ROM-ch U10"]
[Site "Calimanesti"]
[Date "2018.03.29"]
[Round "3"]
[White "Mihaescu Duta, Vlad Stefan"]
[Black "Stancu, Iustin Luca"]
[Result "1-0"]
[WhiteElo "1120"]
[BlackElo "1105"]
[PlyCount "38"]
[EventDate "2018.03.27"]
[EventType "swiss"]
[EventRounds "9"]
[EventCountry "ROU"]
[SourceTitle "CBM 183 Extra"]
[Source "ChessBase"]
[SourceDate "2018.04.19"]
[SourceVersion "1"]
[SourceVersionDate "2018.04.19"]
[SourceQuality "1"]

1. d4 d5 2. Bf4 e6 3. Nf3 c6 4. e3 f5 5. Nbd2 Nf6 6. Be2 Bd6 7. Ne5 0-0 8. 0-0 Bd7 9. Ndf3 Be8 10. Ng5 h6 11. Nxe6 Qb6 12. Nxf8 Kxf8 13. b3 Qc7 14. Qd3 Bd7 15. Nxd7+ Qxd7 16. Bxd6+ Qxd6 17. Qxf5 Nbd7 18. Qd3 Ng4 19. Bxg4 Nf6 1-0

[Event "ROM-ch U10"]
[Site "Calimanesti"]
[Date "2018.03.27"]
[Round "1"]
[White "Popescu, Stefan Adrian"]
[Black "Stancu, Iustin Luca"]
[Result "1-0"]
[WhiteElo "1297"]
[BlackElo "1105"]
[PlyCount "65"]
[EventDate "2018.03.27"]
[EventType "swiss"]
[EventRounds "9"]
[EventCountry "ROU"]
[SourceTitle "CBM 183 Extra"]
[Source "ChessBase"]
[SourceDate "2018.04.19"]
[SourceVersion "1"]
[SourceVersionDate "2018.04.19"]
[SourceQuality "1"]

1. e4 e6 2. d4 d5 3. exd5 exd5 4. Bd3 Nc6 5. c3 Bd6 6. Qc2 Nf6 7. Bg5 Be6 8. Ne2 Qe7 9. Nd2 0-0-0 10. 0-0-0 Rhe8 11. Rhe1 g6 12. h3 Rd7 13. g4 Rh8 14. f4 Rdd8 15. f5 h6 16. Bxf6 Qxf6 17. fxe6 fxe6 18. Bxg6 Rdg8 19. Bh5 Ne7 20. Rf1 Qh4 21. Bf7 Rf8 22. Bxe6+ Kd8 23. Qa4 Nc6 24. Bxd5 Rxf1 25. Rxf1 Qxh3 26. Bxc6 bxc6 27. Qxc6 Qxg4 28. Qa8+ Qc8 29. Qxa7 h5 30. Ne4 h4 31. Nxd6 cxd6 32. Rf7 h3 33. Qe7# 1-0